Tilastot visalle Sanat - Puuttuva palanen - Robin

Klikkaa tästä pelataksesi tätä visaa!

Yleistilastot

  • Tätä visaa on pelattu 260 kertaa
  • Keskiarvotulos 182 / 249

Vastaustilastot

Vastaus% Oikein
mu
98%
ja
96%
mun
96%
palanen
96%
se
94%
sy
94%
93%
93%
on
92%
puuttuu
92%
sydämestä
91%
oot
89%
puuttuva
87%
sen
87%
voi
87%
uu
86%
sun
85%
kato
84%
ku
82%
täyttää
82%
voisit
81%
näköinen
80%
ois
80%
suhun
80%
kiskalla
79%
tää
79%
koulun
78%
niinku
78%
tuntuu
78%
viereisellä
78%
aina
76%
hajoon
76%
tunnettu
76%
helpolta
75%
katot
75%
kun
75%
muhun
74%
en
73%
että
72%
makuun
71%
brädi
70%
heti
70%
joskus
70%
ollu
70%
sit
70%
tajuun
70%
just
69%
ei
68%
samat
68%
bändit
67%
tykkäyslistalla
67%
kolmetoista
66%
näkönen
66%
tarvi
65%
tyttö
65%
vaan
65%
polvet
62%
kelaa
61%
oli
61%
sanakirjaa
61%
tarvitse
60%
jutut
59%
naurattaa
59%
robin
59%
puhut
58%
harkitse
57%
relaa
57%
tyhmätkin
56%
läppiäni
55%
ohi
55%
yks
55%
edes
54%
makaroonia
54%
olla
54%
brädikin
53%
hirveen
53%
turhaan
53%
voin
53%
kulki
51%
kirjeenvaihto
50%
piti
50%
kundien
49%
mut
49%
tunteen
49%
ton
48%
näyttäny
47%
muistan
46%
alko
45%
muutti
45%
sitä
45%
faijan
44%
tietenkään
44%
työn
44%
vaikka
44%
vei
44%
elämä
43%
räyhänny
43%
robbari
43%
takapulpeteis
43%
joo
42%
maikka
42%
mitä
42%
palasen
42%
perään
42%
rytmi
41%
teki
41%
ysikytä
40%
takana
39%
aitoo
38%
keveemmän
38%
olin
37%
pian
36%
lippa
35%
tiedän
35%
askeleista
34%
jordanin
34%
laulaa
33%
mistä
32%
sydän
32%
BPM
30%
ilmatyynyt
30%
enää
28%
luulin
27%
lyö
27%
ettei
25%
ikin
24%
tänään
20%
edelleenkin
18%
hoppariraukkaa
16%
cmon
15%

Tulosjakauma

Persentiili vastausten määrän mukaan

Jokaisen tuloksen saaneiden osuus

Tuloshistoriasi

Et ole pelannut tätä visaa